| 000 | 01470nam a22002057a 4500 | ||
|---|---|---|---|
| 999 |
_c59025 _d59025 |
||
| 003 | Ge_BSU | ||
| 005 | 20221102101506.0 | ||
| 008 | 221102s1999 ge ||||| |||| 00| 0 geo d | ||
| 041 | _ageo | ||
| 080 | _a339.13(479.22) + 316.42(479.22) + 338.24.021.8(479.22) ჭ-42 | ||
| 100 |
_aჭითანავა, ნოდარ _9802 |
||
| 245 |
_aგარდამავალი პერიოდის სოციალურ-ეკონომიკური პრობლემები : _b ნაწ. 2, (ეკონომიკის სახელმწიფოებრივი რეგულირება) / _c ნოდარ ჭითანავა ; რედ. გ. ყუფუნია ; საქ. ეკონ. სამინ. არსებული ეკონ. და სოც. პრობლემების ს/კ ინ-ტი. |
||
| 264 |
_aთბილისი, _c1999. |
||
| 300 |
_a318 გვ.; _b20 სმ. |
||
| 653 | _aსაქართველოს საბაზრო ეკონომიკა | ||
| 653 | _aსაქართველოს სოციალურ-ეკონომიკური განვითარება | ||
| 700 |
_aყუფუნია, გ. _eრედაქტორი. _915707 |
||
| 710 |
_aსაქ. ეკონ. სამინ. არსებული ეკონ. და სოც. პრობლემების ს/კ ინ-ტი. _915708 |
||
| 942 |
_2udc _cBK |
||